| 000 | 00538nam a2200205Ia 4500 | ||
|---|---|---|---|
| 008 | 180207s9999 xx 000 0 und d | ||
| 020 | _a9780439871297 | ||
| 050 | _bP238 2007 | ||
| 100 | _aParker, David | ||
| 245 | _aTaking care of a class pet / | ||
| 245 | _cby David Parker ; illustrated by Margeaux Lucas. | ||
| 260 | _aNew York : | ||
| 260 | _bScholastic, | ||
| 260 | _c2007 | ||
| 300 | _aunpaged : | ||
| 300 | _bchiefly colored ; | ||
| 300 | _c23cm. | ||
| 440 | _aFirst chapter book. | ||
| 650 | _aThe best me I can be. | ||
| 999 |
_c355598 _d355598 |
||